LIBRARY & INFORMATION CENTRE, KCAET, TAVANUR

ONLINE PUBLIC ACCESS CATALOGUE (OPAC)

Land and soil management technology, economics and institutions / (Record no. 1646)

MARC details
000 -LEADER
fixed length control field 00524cam a2200181ua 4500
041 ## - LANGUAGE CODE
Language code of text/sound track or separate title eng
082 ## - DEWEY DECIMAL CLASSIFICATION NUMBER
Classification number 658.15242
Item number SFE/LA
100 ## - MAIN ENTRY--AUTHOR NAME
Personal name Sfeir-younin, Alfredo .
245 ## - TITLE STATEMENT
Title Land and soil management technology, economics and institutions /
260 ## - PUBLICATION, DISTRIBUTION, ETC. (IMPRINT)
Place of publication New Delhi :
Name of publisher Oxford & IBH Publishing company ,
Year of publication 1993.
300 ## - PHYSICAL DESCRIPTION
Number of Pages 307 ; .
700 1# - ADDED ENTRY--PERSONAL NAME
Personal name Dragun, Andrew.K .
942 ## - ADDED ENTRY ELEMENTS (KOHA)
Koha item type Books
Holdings
Withdrawn status Lost status Damaged status Home library Current library Date acquired Full call number Accession Number Koha item type
      KAUAET KAUAET 07/04/2012 658.15242 SFE/LA 20017 Books
free website counter